| 000 | 00638nam a22002177a 4500 | ||
|---|---|---|---|
| 999 |
_c7674 _d7674 |
||
| 001 | 14527 | ||
| 003 | BD-DhUAP | ||
| 005 | 20210128105907.0 | ||
| 008 | 210128r20032004enk b 001 0 eng | ||
| 020 | _a0195669223 | ||
| 040 |
_aBD-DhUAP _cBD-DhUAP _dBD-DhUAP _bEng |
||
| 082 | 0 | 0 |
_a341 BRO _223 |
| 100 | 1 | _aBrownlie, Ian. | |
| 245 | 1 | 0 |
_aPrinciples of public international law / _cIan Brownlie. |
| 250 | _a6th ed. | ||
| 260 |
_aNew York : _bOxford University Press, _cc2003 [2004]. |
||
| 300 |
_axlii, 742 pages ; _c24 cm. |
||
| 504 | _aIncludes bibliographical references and index. | ||
| 650 | 0 | _aInternational law. | |
| 942 |
_2ddc _cBK |
||